| 000 | 01087nam a22003257a 4500 | ||
|---|---|---|---|
| 003 | CHAP | ||
| 005 | 20220329135030.0 | ||
| 008 | 971013s1973 r 00010 d | ||
| 010 | _a29855 | ||
| 011 | _a30827 | ||
| 035 | _a34939 | ||
| 040 | _cCHAP | ||
| 082 |
_a511.8 _bM3 |
||
| 100 | 0 | 0 |
_aMaki, Daniel P. _969955 |
| 245 |
_aMathematical models and applications _b: with emphasis on the social life, and management sciences |
||
| 260 |
_aEnglewood Cliffs, N.J. : _bPrentice-Hall, _c1973 |
||
| 300 | _a492 p | ||
| 590 |
_aBATCH-UPD _b10 _c20130110 _lUCH01 _h0157 |
||
| 590 |
_aBATCH-UPD _b10 _c20130110 _lUCH01 _h1121 |
||
| 590 |
_aBATCH-UPD _b10 _c20130409 _lUCH01 _h2202 |
||
| 590 |
_aBATCH-UPD _b10 _c20130410 _lUCH01 _h0711 |
||
| 590 |
_aBATCH-UPD _b10 _c20130914 _lUCH01 _h1820 |
||
| 590 |
_aCONVERSION _b10 _c20130109 _lUCH01 _h1317 |
||
| 650 | 1 | 4 |
_aModelos matemáticos. _976419 |
| 650 | 1 | 4 |
_aSociología _xModelos matemáticos. _9108206 |
| 700 | 0 |
_aThompson, Maynard. _9112917 |
|
| 901 | _aBK | ||
| 942 | _cLIBRO | ||
| 949 |
_a511.8 M3 _bBC _cLIBRO _d33724000407714 _eLIBRO _h1784 _i34939 _si |
||
| 999 |
_c29855 _d29855 |
||